000 00557nam a2200193Ia 4500
005 20250508151834.0
008 008 250505s9999 xx 000 0 eng d
037 _aTextual
040 _aFEDL
_beng
_cFEDL
041 _aeng
_2eng
084 _a370.001572, SPI
_qFEDL
100 _aSpindler George D. Ed.
_9760122
245 0 _aEducation and anthropology
260 _aStanford, USA
_bStanford University Press
_c1955
300 _axviii,302p.
650 _aEducation
942 _cTEXL
_h370.001572, SPI
999 _c1332430
_d1332430